Princely Men in the Heavenly Kingdom (Record no. 3397)

MARC details
000 -LEADER
fixed length control field 00548nam a2200229 a 4500
020 ## - INTERNATIONAL STANDARD BOOK NUMBER
ISBN
082 00 - DEWEY DECIMAL CLASSIFICATION NUMBER
Classification number 201
Author Cutter BEA
100 ## - MAIN ENTRY--AUTHOR NAME
Author name Beach, Harlan P
245 ## - TITLE STATEMENT
Title Princely Men in the Heavenly Kingdom
260 ## - PUBLICATION, DISTRIBUTION, ETC. (IMPRINT)
Place of publication Chicago
Name of publisher Cincinnati
Year of publication 1903
300 ## - PHYSICAL DESCRIPTION
Number of Pages 244p
500 ## - GENERAL NOTE
General note includes index and biblioraphy
505 2# - FORMATTED CONTENTS NOTE
Formatted contents note Map of China
942 ## - ADDED ENTRY ELEMENTS (KOHA)
Koha item type Books
700 1# -
-- Beach, Harlan P
Holdings
Home library Current library Date acquired Cost, normal purchase price Full call number Accession Number Koha item type
Henry Martyn Institute Library Henry Martyn Institute Library 03/19/2007 100.00 201 BEA 6677 Archive Book
                   Copyright © 2026 | Henry Martyn Institute | Hyderabad | TS-500052 | INDIA | Implemented by hmi.edu.in
Hit-Count:

Powered by Koha